LEADER 00991nam a2200217 4500 001 000000367466 003 CaOOAMICUS 005 20260427145414.0 008 260427s1928 it a 000 u ita r 040 $aSeMil$bita 245 00$aPontificia e reale fabbrica d'organi :$bBalbiani Vegezzi Bossi : case fondate nel 1828 e 1550 le pił antiche d'Italia. 264 1$aMilano :$b[s.n.],$c1928?$e(Milano :$fStamperia Artistica Salmini) 300 $a1 v. :$bill. ;$c30 cm 650 4$aOrgano .$0(OLS)http://semarc/subject/7094 850 $aSeMil 852 $aSeMil$W1$xVenegono$y1$m5D XI 29/10$j271047$B258162$CSeMilBibl$Z2$F258162 $8M 941 1 $a7 961 $aOmaggio mons. Mario Delpini 996 $6245$aPontificia e reale fabbrica d'organi :$bBalbiani Vegezzi Bossi : case fondate nel 1828 e 1550 le pił antiche d'Italia$9(OLS)http://semarc/title/459404 996 $6264$aMilano :$b[s.n.]$9(OLS)http://semarc/publisher/29709